| 000 | 01694nam a2200205 a 4500 | ||
|---|---|---|---|
| 008 | 200311s2014 ag ||||gr|||| 001 0 spa d | ||
| 020 | _a9789500739719 | ||
| 041 | _aspa | ||
| 092 |
_c864 _l6 _sBAC |
||
| 100 | 1 |
_aBachrach, Estanilao. _94136 |
|
| 245 |
_aÁgilmente. _bAprende cómo funciona tu cerebro para potenciar tu creatividad y vivir mejor / _cEstanilao Bachrach. |
||
| 250 | _a20a ed. | ||
| 260 |
_aBuenos Aires: _bSudamericana; _c2014. |
||
| 300 |
_a392 p. _b23x16 cm. |
||
| 500 | _aBachrach, E. (2014). Ágilmente. Aprende cómo funciona tu cerebro para potenciar tu creatividad y vivir mejor. (20 ed.). Buenos Aires : Sudamericana. | ||
| 520 | _a¿Creés que ser creativo es un atributo de genios y gurúes? Estas equivocado. Seas quien seas podés cambiar. La creatividad puede expandirse. Hoy la neurociencia es clara: el cerebro aprende hasta el último día de vida. Tu mente, mediante la aplicación de las técnicas correctas, puede modificar la anatomía y estructura de tu cerebro. Ágilmente es un libro sobre nuestro talento más preciado y único: la habilidad que tenemos para imaginar y ser más creativos. A través de estas páginas vas a lograr desarrollar todo tu potencial y a entender los mecanismos de tus propios aprendizajes, a comprender cómo utilizar los sentidos, a ampliar la memoria, a focalizar la atención, a controlar las emociones negativas y a disfrutar de las positivas. Dejate llevar en un viaje alucinante y divertido hacia lo más profundo de tu cerebro porque, una vez que lo conozcas, tu vida va a cambiar para siempre. | ||
| 590 | _aProyecto 4to libro. Donación Pardo Paula. Marzo 2020. | ||
| 655 |
_aLiteratura _92917 |
||
| 942 |
_2ddc _cLIT |
||
| 999 |
_c3095 _d3095 |
||